000 00471nam a2200193Ia 4500
005 20240823054406.0
008 240823s9999||||xx |||||||||||||| ||und||
020 _a978-81-239-1609-5
041 _aENGLISH
082 _A530.12 Q4
100 _aSuresh Chandra
245 0 _aQuantum Mechanics
250 _a1st
260 _c2014
_b"CBS Publishers & Distributors,New "
500 _aTRANSFERED
650 _aMechancis
_bMechanical
942 _cBK
999 _c226352
_d226352